The rise and fall and rise of modern dance = El ascenso y descenso y ascenso de la danza moderna /
Պահպանված է:
| Հիմնական հեղինակ: | |
|---|---|
| Ձևաչափ: | Անհայտ |
| Լեզու: | English |
| Հրապարակվել է: |
New York :
Mentor,
1970.
|
| Խորագրեր: | |
| Ցուցիչներ: |
Ավելացրեք ցուցիչ
Չկան պիտակներ, Եղեք առաջինը, ով նշում է այս գրառումը!
|
MARC
| LEADER | 000000000a22000000004500 | ||
|---|---|---|---|
| 001 | 015292 | ||
| 041 | 0 | |a eng | |
| 082 | 0 | 4 | |a 792.8 |b M135m |
| 100 | 1 | |a McDonagh, Don | |
| 245 | 1 | 4 | |a The rise and fall and rise of modern dance = |b El ascenso y descenso y ascenso de la danza moderna / |c Don McDonagh. |
| 246 | 3 | 1 | |a El ascenso y descenso y ascenso de la danza moderna |
| 260 | 1 | |a New York : |b Mentor, |c 1970. | |
| 300 | |a viii, 344 páginas : |b ilustraciones ; |c 22 cm. | ||
| 650 | 4 | |a DANZA MODERNA | |
| 500 | |a Colección George Yúdice | ||
| 999 | |c 21149 |d 21149 | ||
| 942 | |c BK |h 792.8 M135m |2 z | ||
